000 00431nam a22001697a 4500
005 20180223171747.0
008 160523b xxu||||| |||| 00| 0 eng d
020 _a978-0-07-066005-2
041 _aeng
082 _b4127
_a330.015 195
100 _aGujarati / Damodarn Sangeetha
_91012
245 _aBasic Economictrics
260 _aNew Delhi
_bAcademic Faundation
300 _a1011
650 _aManagement
_9241
942 _cBK
999 _c1383
_d1383